|
|
|
|
| LEADER |
00000nta a2200000 i 4500 |
| 001 |
dolg1860 |
| 005 |
20160412145611.0 |
| 008 |
150824suuuu hu om 000 hun d |
| 040 |
|
|
|a BGE Dolgozattár Repozitórium
|b hun
|
| 041 |
|
|
|a hu
|
| 100 |
1 |
|
|a Kovács Ágnes
|
| 245 |
1 |
3 |
|a Az egészségügyi közbeszerzések szabályozása és gyakorlati tapasztalatai
|c Kovács Ágnes
|h [elektronikus dokumentum]
|
| 246 |
1 |
1 |
|a Az egészségügyi közbeszerzések szabályozása és gyakorlati tapasztalatai
|
| 695 |
|
|
|a Közbeszerzés
|
| 695 |
|
|
|a Egészségügy
|
| 700 |
1 |
|
|a Kopasz Krisztina
|e ths
|
| 856 |
4 |
0 |
|u http://dolgozattar.uni-bge.hu/1860/1/Szakdolgozat_Kov%C3%A1cs%20%C3%81gnes_GFXI2F.pdf
|z Dokumentum-elérés
|